JToH Citadels - Statistics

General Stats
  • This quiz has been taken 123 times
  • The average score is 19 of 28
Answer Stats
Area Answer % Correct
Ring 1 Citadel of Laptop Splitting
100%
Ring 2 Citadel of Wacky Strategy
99%
Forgotten Ridge Citadel of Weird Nostalgia
99%
Ring 3 Citadel of Heights and Depths
92%
Pit of Misery Citadel of Infinite Void
85%
Zone 1 Citadel of Peril
85%
Ring 4 Citadel of Uneasiness
85%
Ring 9 Citadel of Lethargy
80%
Ring 5 Citadel of Contrasting Regions
78%
Purgatorio Citadel of Victory
78%
Zone 2 Citadel of Green Stuff
77%
Ring 6 Citadel of Scythe Recognition
77%
Ring 8 Citadel of Constant Heart Stopping
73%
Lost River Citadel of Inside Situations
73%
Zone 3 Citadel of Tricky Situations
70%
Zone 5 Citadel of Corporate Enterprise
68%
Zone 9 Citadel of Increasing Claustrophobia
68%
Zone 6 Citadel of Twists and Weirdness
68%
Zone 4 Citadel of Quadrilaterals
67%
Ring 7 Citadel of True Exasperation
67%
Zone 8 Citadel of Pyramid Escapades
66%
Zone 7 Citadel of A Cruel Tale
65%
Halloween 2020 Citadel of Horrifying Phobias
38%
April Fools 2023 Citadel of "A Bug's Life!"
34%
Halloween 2023 Citadel of Treats and Tricks
33%
Time-Lost Plain Citadel of Monochrome and Vibrance
31%
Christmas 2021 Citadel of Festive Struggles
30%
Time-Lost Sands Citadel of Squiggly Wiggly
28%
No matching quizzes found
Score Distribution
Percent of People with Each Score
Percentile by Number Answered
Your Score History
You have not taken this quiz